000 00792nam a22002537a 4500
999 _c306653
_d306653
001 20475
003 UA-OsUOA
005 20191017112827.0
007 ta
008 20031029b un ||||| |||| 00| 0 ukr d
040 _aUA-OsUOA
_brus
_cUA-OsUOA
_dUA-OsUOA
041 _arus
044 _aRU
080 _a913(21)
090 _a913(21)
_bВ58
100 _aВласова Т.В.
245 _aФизическая география материков с прилегающими частями океанов: Южная Америка, Африка, Австралия и Океания, Антаркида
260 _aМосква
_bПросвещение
_c1986
300 _a269 с.
_bІлюстрації
505 _gЧ. 2
650 7 _2UDC
942 _cBK
_2udc
955 _a0